Sparprogramm dank Methadon?
| 1. VerfasserIn: | |
|---|---|
| Medienart: | Druck Aufsatz |
| Sprache: | Deutsch |
| Veröffentlicht: |
1987
|
| In: |
Sozialpsychiatrische Informationen
Jahr: 1987, Band: 17, Heft: 1, Seiten: 25-27 |
| Bestand in Tübingen: | In Tübingen vorhanden. IFK: 3763 |
| Verfügbarkeit prüfen: | HBZ Gateway |
| Schlagwörter: |
MARC
| LEADER | 00000caa a22000002c 4500 | ||
|---|---|---|---|
| 001 | 1632321807 | ||
| 003 | DE-627 | ||
| 005 | 20220607133037.0 | ||
| 007 | tu | ||
| 008 | 130628s1987 xx ||||| 00| ||ger c | ||
| 035 | |a (DE-627)1632321807 | ||
| 035 | |a (DE-576)384852890 | ||
| 035 | |a (DE-599)BSZ384852890 | ||
| 040 | |a DE-627 |b ger |c DE-627 |e rakwb | ||
| 041 | |a ger | ||
| 100 | 1 | |a Gill-Rode, Joachim |4 aut | |
| 245 | 1 | 0 | |a Sparprogramm dank Methadon? |c Joachim Gill-Rode |
| 264 | 1 | |c 1987 | |
| 336 | |a Text |b txt |2 rdacontent | ||
| 337 | |a ohne Hilfsmittel zu benutzen |b n |2 rdamedia | ||
| 338 | |a Band |b nc |2 rdacarrier | ||
| 773 | 0 | 8 | |i In |t Sozialpsychiatrische Informationen |d Köln : Psychiatrie Verlag, 1971 |g 17(1987), 1, Seite 25-27 |w (DE-627)129423025 |w (DE-600)190689-6 |w (DE-576)014798360 |x 0171-4538 |7 nnas |
| 773 | 1 | 8 | |g volume:17 |g year:1987 |g number:1 |g pages:25-27 |
| 951 | |a AR | ||
| ELC | |b 1 | ||
| LOK | |0 000 xxxxxcx a22 zn 4500 | ||
| LOK | |0 001 3284259546 | ||
| LOK | |0 003 DE-627 | ||
| LOK | |0 004 1632321807 | ||
| LOK | |0 005 20130628154730 | ||
| LOK | |0 008 130628||||||||||||||||ger||||||| | ||
| LOK | |0 040 |a DE-21-110 |c DE-627 |d DE-21-110 | ||
| LOK | |0 689 |a s |a Methadonprogramm | ||
| LOK | |0 852 |a DE-21-110 | ||
| LOK | |0 852 1 |c 3763 |m p |9 00 | ||
| LOK | |0 935 |a k110 | ||
| LOK | |0 938 |k p | ||
| LOK | |0 939 |a 28-06-13 |b l01 | ||
| ORI | |a SA-MARC-krimdoka001.raw | ||
| SIG | |a IFK: 3763 | ||
